000 00341nam a22001217a 4500
008 180606b xxu||||| |||| 00| 0 eng d
041 _aeng
080 _a043.3
100 _a0
101 _aMBE-BTH
245 _aNdërtimi i përparësitë konkuruese biznesore përmes zinxhirit të integruar të furnizimit
_cIbrahimi,F
942 _2udc
_cBK
999 _c46491
_d46491